Wacky Races - Picture Quiz - Statistics

General Stats
  • This quiz has been taken 15 times
  • The average score is 9 of 22
Answer Stats
Picture Answer % Correct
Pilots: Dick {Dastardly} & Muttley
93%
Pilots: The {Gruesome} Twosome
86%
Pilot: Penelope {Pitstop}
71%
Pilot: {Peter} Perfect
71%
Pilot: Professor Pat {Pending}
64%
Pilots: The {Ant} Hill Mob
64%
Vehicle: The {Mean} Machine
57%
Vehicle: The {Boulder}mobile
50%
Vehicle: The Army {Surplus} Special
36%
Vehicle: The {Buzz} Wagon
36%
Vehicle: The Compact {Pussycat}
36%
Pilot: Red {Max}
29%
Pilots: The {Slag} Brothers
29%
Vehicle: The {Arkansas} Chug-a-Bug
29%
Vehicle: The {Convert}-a-Car
29%
Vehicle: The Turbo {Terrific}
29%
Pilots: Lazy {Luke} and Blubber Bear
21%
Pilots: Rufus {Ruffcut} and Sawtooth
21%
Pilots: Sgt {Blast} and Private Meekley
21%
Vehicle: The {Bulletproof} Bomb
21%
Vehicle: The {Creepy} Coupe
21%
Vehicle: The {Crimson} Haybaler
21%
No matching quizzes found
Score Distribution
Percent of People with Each Score
Percentile by Number Answered
Your Score History
You have not taken this quiz